00832cam a2200157 a 4500082002200000100002000022245024500042260005300287300006400340500009100404500002000495500005400515526003700569650000800606856006000614 a359.00941bJAMcD1 aJames, William,14aThe naval history of Great Britainbfrom the declaration of war by France, in February 1793, to the accession of George IV in January 1820 : with an account of the origin and progressive increase of the British Navy ... /cby William James. aLondon :bBaldwin, Cradock, and Joy,c1822-1824. a458 P. :bill., plans ;c23 cm. +eatlas of tables ; 30 cm. a"Illustrated by a series of tabular abstracts, contained in a separate quarto volume." aIncludes index. aReproduction of original from Huntington Library. a0b0c0d359_009410000000000_JAM aMCE40uhttp://www.columbia.edu/cgi-bin/cul/resolve?clio5943012